Polskie drużyny po zdjęciu stadionu - Statystyki

Ogólne statystyki
  • Ten quiz został rozwiązany 124 razy
  • Średni wynik to 10 z 20
Statystyki odpowiedzi
Obrazkowy Odpowiedź % Poprawnych
Lechia Gdańsk
94%
Lech Poznań
86%
Śląsk Wrocław
67%
Zagłębie Sosnowiec
63%
Legia Warszawa
62%
Piast Gliwice
60%
Cracovia
58%
Górnik Zabrze
58%
Jagiellonia Białystok
56%
Motor Lublin
56%
Raków Częstochowa
53%
Widzew Łódź
48%
Wisła Kraków
47%
Pogoń Szczecin
41%
Wisła Płock
40%
Zagłębie Lubin
33%
Arka Gdynia
23%
ŁKS Łódź
22%
GKS Tychy
21%
Podbeskidzie Bielsko-Biała
14%
Nie znaleziono quizów pasujących do podanych kryteriów
Rozkład punktacji
Procent ludzi z każdym wynikiem
Percentyl według liczby udzielonych odpowiedzi
Twoja historia wyników
Nie rozwiązałeś tego quizu